Skróty państw (Europa) - Statystyki

Ogólne statystyki
  • Ten quiz został rozwiązany 447 razy
  • Średni wynik to 13 z 15
Statystyki odpowiedzi
Hint Odpowiedź % Poprawnych
PL polska
100%
CZ czechy
99%
LT litwa
97%
F francja
94%
LV łotwa
93%
UA ukraina
91%
RO rumunia
89%
P portugalia
88%
SK słowacja
86%
D niemcy
84%
AL albania
83%
BIH bośnia
81%
MD mołdawia
81%
HR chorwacja
77%
BY białoruś
75%
Nie znaleziono quizów pasujących do podanych kryteriów
Rozkład punktacji
Procent ludzi z każdym wynikiem
Percentyl według liczby udzielonych odpowiedzi
Twoja historia wyników
Nie rozwiązałeś tego quizu